000 00313nam a2200121Ia 4500
008 240624s9999 xx 000 0 und d
041 _aeng
082 _a823 REA
100 _aREADERS DIGEST
245 _aCLASSIC SHORT STORIES STORIES ABOUT LIFE
260 _aNew Delhi
_bIndia Today
300 _a191 : p. : cm. ; 18
999 _c5379
_d5379